00464nam a2200145 i 450000100060000000300090000600500170001500700030003200800410003524501080007626000300018430000210021471000510023585200320028682919ES-MaACL20230906174743.0t|041112s1980 sp s ||||1| spa d00aCenso industrial de España 1978 b: serie provincial : Huesca /cInstituto Nacional de Estadística. a[Madrid : bs.n., c1980] a79 p. ; c29 cm.2 aInstituto Nacional de Estadística (España) aES-MaACLjG-4316 bR.100406